00611nam a2200205 a 450000100060000000300080000600500170001400800410003103500130007203500180008503500190010304000370012204100080015908200260016710000350019324500870022826000440031530000260035965000200038580503BD-RjUL20221011102924.0221011s1963 enk 000 0 eng d a63-02676 a(OCoLC)368946 a(BD-RjUL)80503 aWSUcWSUdm.cdOCLdBD-RjULbeng aeng 223a822.912bWIC 19631 aWilliams, Charles,d1886-1945.10aCollected plays /cby Charles Williams ; with an introduction by John Heath-Stubbs aLondon:bOxford University Press,c1963 axiii, 401 p. ;c19 cm aChristian drama